000 01012nam a2200313Ia 4500
003 OSt
005 20221007123945.0
006 a|||||r|||| 00| 0
007 ta
008 221006b |||||||| |||| 00| 0 eng d
020 _a9788181286857 (hbd)
024 _a82731
037 _b202, 11/12/2008, Dhanraj Book House
_cTextbook
040 _aCDL
_cCDL
_beng
041 _2eng
_aeng
082 _aE:3,E5, P4;1 Carc
100 _aGross Jurgen H
_9717755
245 0 _aMass spectrometry: A textbook
260 _aNew
_bDelhi Springer
_c2004
300 _axviii, 518p.
_ccm.
500 _a''Includes bibliographical references''.; ''Index 507-518p''.
650 _a Isotopic classification of the elements
_9718198
650 _a Mass accuracy
_9718199
650 _a Mass spectrometry
_9717778
650 _a QET
_9718200
650 _aChemistry
942 _hE:3,E5, P4;1 Carc
_cTB
_2CC
999 _c1212713
_d1212713